书目信息 |
| 题名: |
对韩汉语口语教程
|
|
| 作者: | 李明晶 编著 ;曹玲 插图 | |
| 分册: | II 中级 | |
| 出版信息: | 北京 北京大学出版社 2008.08 |
|
| 页数: | 261页 | |
| 开本: | 26cm | |
| 丛书名: | ||
| 单 册: | ||
| 中图分类: | H195.5 | |
| 科图分类: | ||
| 主题词: | 汉语--han yu--口语--对外汉语教学--教材 | |
| 电子资源: | ||
| ISBN: | 978-7-301-14103-8 | |
| 000 | 00955nam0 2200265 450 | |
| 001 | 012009846369 | |
| 005 | 20090926095851.39 | |
| 010 | @a978-7-301-14103-8@dCNY58.00 (含光盘) | |
| 016 | @aCN-A20-08-0100-0@b光盘 | |
| 100 | @a20090926d2008 em y0chiy0120 ea | |
| 101 | 0 | @achi@akor |
| 102 | @aCN@b110000 | |
| 105 | @aa z 001yy | |
| 106 | @ar | |
| 200 | 1 | @a对韩汉语口语教程@Adui han han yu kou yu jiao cheng@i中级@hII@f李明晶编著@Fli ming jing bian zhu@g曹玲插图@Gcao ling cha tu |
| 210 | @a北京@c北京大学出版社@d2008.08 | |
| 215 | @a261页@c图@d26cm@e光盘1片 | |
| 300 | @a北大版国别汉语教材 | |
| 330 | @a本书适合已具备初级汉语水平并已掌握2000个词汇以上的韩国汉语学习者使用,旨在帮助读者进一步提升汉语口语交际能力。 | |
| 606 | 0 | @a汉语@Ahan yu@x口语@x对外汉语教学@j教材 |
| 690 | @aH195.5@v4 | |
| 701 | 0 | @a李明晶@Ali ming jing@4编著 |
| 702 | 0 | @a曹玲@Acao ling@4插图 |
| 801 | 0 | @aCN@bQSSK@c20090926 |
| 905 | @b758632-34@dH195.5@eL212:2@f3 | |
| 对韩汉语口语教程.中级.II/李明晶编著/曹玲插图.-北京:北京大学出版社,2008.08 |
| 261页:图;26cm+光盘1片 |
| 北大版国别汉语教材 |
| ISBN 978-7-301-14103-8:CNY58.00 (含光盘) |
| 本书适合已具备初级汉语水平并已掌握2000个词汇以上的韩国汉语学习者使用,旨在帮助读者进一步提升汉语口语交际能力。 |
| ● |
| 相关链接 |
|
|
|
正题名:对韩汉语口语教程
索取号:H195.5/L212:2
 
预约/预借
| 序号 | 登录号 | 条形码 | 馆藏地/架位号 | 状态 | 备注 |
| 1 | 758632 | 207586325 | 语言库209/209语言库 79排3列2层/ [索取号:H195.5/L212:2] | 在馆 | |
| 2 | 758633 | 207586334 | 语言库209/209语言库 79排3列2层/ [索取号:H195.5/L212:2] | 在馆 | |
| 3 | 758634 | 207586343 | 语言库209/209语言库 79排3列2层/ [索取号:H195.5/L212:2] | 在馆 |